| 000 | 00520cam a22001812a 4500 | ||
|---|---|---|---|
| 001 | 009708 | ||
| 003 | AR-FADEU | ||
| 008 | 311216n1963####xxu####################dd | ||
| 092 |
_a421.507 6 _bA425 |
||
| 100 | _aAllen, W. Stannard | ||
| 245 | _aLiving English speech : stress and intonation practice for the foreign student | ||
| 260 | _aLondon | ||
| 260 | _bLongmans | ||
| 260 | _c1963 | ||
| 300 | _a196 p | ||
| 650 | _a/LINGUISTICA/INGLES-FONETICA Y FONOLOGIA; ENTONACION; ACENTUACION/REVISADO/ | ||
| 942 | _cBDGR | ||
| 999 |
_c15504 _d15504 |
||